The secret language of star signs (Запис номер 470374)
[ съкратено ]
| 000 -Лидер | |
|---|---|
| Контролно поле с фиксирана дължина | 01560nam a2200373 c 4500 |
| 003 - Код на организацията, давaща контролен номер | |
| Контролно поле | BLK |
| 005 - Дата и час на последна редакция | |
| Контролно поле | 20220816173450.0 |
| 008 - Елементи от данни с фиксирана дължина | |
| fixed length control field | 180408b bul|||||r ||||||| ||bul|| |
| 020 ## - Международен стандартен номер на книга ISBN | |
| Международен стандартен номер на книга ISBN | 9781435150737 |
| 040 ## - Източник на каталожния запис | |
| Идентификатор на билиотеката - собственик на записа | BLK |
| 041 ## - Код за език | |
| Код за езика на текст/звукозапис или на отделно заглавие | Английски |
| Код за езика КДБФ | Английски |
| 080 ## - УДК | |
| Текстов определител УДК | Парапсихология. Нумерология. - Халюцинации, пророчества, предсказания, магии, демонология, телепатия, спиритизъм, илюзии, нумерология, мошеничество. Вж и 133 ; 398.4 ; 615.851 |
| УДК код - определител по УДК | 159.961 |
| УДК определител | :003.2 |
| УДК - код + определител | 159.961:003.2 |
| 100 ## - Редна дума - Автор | |
| R(LIN) | 479323 |
| Автор | Struthers, Jane |
| Авторска отговорност | първи автор |
| 139 ## - Редно поле | |
| Редна дума | Struthers, Jane |
| Авторски знак | Stro - S 89 |
| 245 10 - Сведения за заглавието | |
| Заглавие | The secret language of star signs |
| Подзаглавни данни | Decoding the hidden language of astrology |
| Редно поле (дума) | Jane Struthers |
| 260 ## - Област на издателските данни | |
| Име на издателя, разпространителя и проч. | Metro Books |
| Година на издаване | 2014 |
| Място на издаване, разпространение и проч. | New York |
| 300 ## - Физическа характеристика | |
| Страници | 191 p. |
| Размери/Мащаб | 21 см |
| 380 ## - Жанр | |
| Жанр | Философия |
| 500 ## - Общи забележки | |
| Забележка | The Secret Language of Star Signs describes the twelve signs in detail, giving the key physical traits of men, women, and children born under each one and uncovering the hidden depths of their personalities. Further chapters discuss how astrology influences each area of our lives, including our health and eating habits, our work and home lives, our relationships, and even the holidays we choose to take. Filled with fascinating facts about the mythology of the zodiac, this practical guide will equip you with everything you need to unwrap the mysteries of the star signs. |
| 650 #7 - Допълнително описание по предмет – тема | |
| Основно описание – тема или топоним | Звезди |
| 9 (RLIN) | 155877 |
| 650 #4 - Допълнително описание по предмет – тема | |
| Основно описание – тема или топоним | Гадания - наръчници и ръководства |
| 9 (RLIN) | 242676 |
| 653 #7 - Ключова дума – ненормативна | |
| Ключова дума | астрология |
| 9 (RLIN) | 181432 |
| 653 ## - Ключова дума – ненормативна | |
| Ключова дума | гадаене |
| 653 ## - Ключова дума – ненормативна | |
| Ключова дума | наръчници |
| 653 #7 - Ключова дума – ненормативна | |
| Ключова дума | предсказания |
| 9 (RLIN) | 194412 |
| 852 ## - Местоположение | |
| Фондова буква | Заемна - подръчен фонд |
| Систематично-азбучна сигнатура | 159.96/S 89 |
| 856 4# - Електронен адрес и достъп | |
| Електронен формат | pdf - файл |
| 856 4# - Електронен адрес и достъп | |
| Електронен формат | pdf - файл |
| 999 ## - СИСТЕМНИ КОНТРОЛНИ НОМЕРА | |
| Koha biblionumber | 470374 |
| Koha biblioitemnumber | 470374 |
| 942 ## - АРТИКУЛИ | |
| Вид на библиотечния материал | Книги |
| Скрит в OPAC | Не |
| Периодичен библиозапис | Да |
| Koha issues (borrowed), all copies | 1 |
| 944 ## - СЪЗДАВАНЕ И РЕДАКЦИЯ на ЗАПИСА | |
| Създаване/Редакция | Създаване |
| Дата на регистрацията/редакция | 2022-08-15 |
| Служител, извършил регистрацията/редакцията | NR |
| Код за отписване | Код за изгубен артикул | Източник на класификационната схема | Код за повреда | Коз за рестрикции | Код за отдаване | Артикулен № | Име на библиотеката - собственик | Име на библиотеката, в която се намира в момента | Статус (Текущо местоположение) | Дата на вписване в системата | Местоположение - отдел | Цена в лева | Систематично азбучна сигнатура | Баркод | Цена в евро | Служебен тип на артикула |
|---|---|---|---|---|---|---|---|---|---|---|---|---|---|---|---|---|
| Не е изгубен | Universal Decimal Classification | Не е повреден | без рестрикции | заемане за дома | 900108 | Регионална библиотека "Любен Каравелов" Русе | Регионална библиотека "Любен Каравелов" Русе | Заемна - подръчен фонд | 2022-08-15 | Заемна - подръчен фонд | 15.00 | 159.961/S 89 J | 120000874151 | 7.67 | Книги |